Catálogo
 En Linea

Consecuencias socioeconómicas del embarazo adolescente en la República Dominicana (Registro nro. 53039)

Detalles MARC
000 -CABECERA
campo de control de longitud fija 02170nam a2200421 a 4500
003 - IDENTIFICADOR DEL NÚMERO DE CONTROL
campo de control DO-SdBNP
005 - FECHA Y HORA DE LA ÚLTIMA TRANSACCIÓN
campo de control 20240313092933.0
007 - CAMPO FIJO DE DESCRIPCIÓN FÍSICA--INFORMACIÓN GENERAL
campo de control de longitud fija ta
008 - DATOS DE LONGITUD FIJA--INFORMACIÓN GENERAL
campo de control de longitud fija 221130e2022 dr ad||gr|||| 001 e spa d
020 ## - NÚMERO INTERNACIONAL ESTÁNDAR DEL LIBRO
Número Internacional Estándar del Libro 9789945015454
040 ## - FUENTE DE LA CATALOGACIÓN
Centro catalogador/agencia de origen DO-SdBNP
Lengua de catalogación spa
Centro/agencia transcriptor BNPHU
082 #4 - NÚMERO DE LA CLASIFICACIÓN DECIMAL DEWEY
Número de edición 22
Número de documento/Ítem C755s
245 00 - MENCIÓN DE TÍTULO
Título Consecuencias socioeconómicas del embarazo adolescente en la República Dominicana
Resto del título implementació de la metodologí para estimar el impacto socioeconómico del embarazo y la maternidad adolescentes en países de América Latina y el Caribe -milena 1.0
Mención de responsabilidad, etc. Coordinación y revisión, Diógenes Lamarche, Dulce Chaín, Iván Rodríguez Bernate; Editor, Diana Batista; Prólogo, Sonia Vásquez
260 ## - PUBLICACIÓN, DISTRIBUCIÓN, ETC.
Lugar de publicación, distribución, etc. Santo Domingo :
Nombre del editor, distribuidor, etc. Fondo de Población de las naciones Unidas,
Fecha de publicación, distribución, etc. 2022
300 ## - DESCRIPCIÓN FÍSICA
Extensión 88 p. :
Otras características físicas il., gráf. ;
Dimensiones 2022
500 ## - NOTA GENERAL
Nota general 165 millones de razones, un llamado a la acción para la inversión en adolescentes y jóvenes en América Latina y el Caribe.
500 ## - NOTA GENERAL
Nota general Incluye bibliografía y notas al pié de páginas.
500 ## - NOTA GENERAL
Nota general Incluye siglas y abreviaturas.
504 ## - NOTA DE BIBLIOGRAFÍA, ETC.
Nota de bibliografía, etc. Bibliografía: p. 84 -88
505 ## - NOTA DE CONTENIDO CON FORMATO
Nota de contenido con formato Resumen.
505 ## - NOTA DE CONTENIDO CON FORMATO
Nota de contenido con formato Reglas y Abreviaturas.
505 ## - NOTA DE CONTENIDO CON FORMATO
Nota de contenido con formato Prólogo.
505 ## - NOTA DE CONTENIDO CON FORMATO
Nota de contenido con formato Introducción.
Información miscelánea Sección 1.
Título Consecuencias socioeconómicas del embarazo en la adolescencia en la República Dominicana.--
Información miscelánea Sección 2.
Título Memoria de cálculo de la aplicación de la metodología Milena en República Dominicana.--
-- Referencias
590 ## - NOTA LOCAL (RLIN)
Nota local Inventariado 2022 / MF
650 #4 - PUNTO DE ACCESO ADICIONAL DE MATERIA--TÉRMINO DE MATERIA
9 (RLIN) 13981
Término de materia o nombre geográfico como elemento de entrada Embarazo en Adolescentes
Subdivisión geográfica República Dominicana
650 #4 - PUNTO DE ACCESO ADICIONAL DE MATERIA--TÉRMINO DE MATERIA
9 (RLIN) 383
Término de materia o nombre geográfico como elemento de entrada Embarazo en Adolescentes
Subdivisión geográfica América Latina.
650 #4 - PUNTO DE ACCESO ADICIONAL DE MATERIA--TÉRMINO DE MATERIA
9 (RLIN) 383
Término de materia o nombre geográfico como elemento de entrada Adolescencia
Subdivisión general Aspectos Sociales
650 #4 - PUNTO DE ACCESO ADICIONAL DE MATERIA--TÉRMINO DE MATERIA
9 (RLIN) 82376
Término de materia o nombre geográfico como elemento de entrada Adolescentes
Subdivisión general Aspectos económicos
650 #4 - PUNTO DE ACCESO ADICIONAL DE MATERIA--TÉRMINO DE MATERIA
9 (RLIN) 79717
Término de materia o nombre geográfico como elemento de entrada Investigación
Subdivisión general Metodología
700 1# - PUNTO DE ACCESO ADICIONAL--NOMBRE DE PERSONA
9 (RLIN) 75892
Nombre de persona Lamarche, Diógenes
Término indicativo de función/relación coord.
700 1# - PUNTO DE ACCESO ADICIONAL--NOMBRE DE PERSONA
Nombre de persona Chaín, Dulce,
Término indicativo de función/relación coord.
9 (RLIN) 82949
700 1# - PUNTO DE ACCESO ADICIONAL--NOMBRE DE PERSONA
Nombre de persona Rodríguez Bernarte, Iván,
Término indicativo de función/relación coord.
9 (RLIN) 82950
700 1# - PUNTO DE ACCESO ADICIONAL--NOMBRE DE PERSONA
Nombre de persona Batista, Diana,
Término indicativo de función/relación ed.
9 (RLIN) 82951
700 1# - PUNTO DE ACCESO ADICIONAL--NOMBRE DE PERSONA
Nombre de persona Vásquez, Sonia
Término indicativo de función/relación pról.
9 (RLIN) 22299
710 2# - PUNTO DE ACCESO ADICIONAL--NOMBRE DE ENTIDAD CORPORATIVA
Nombre de entidad corporativa o nombre de jurisdicción como elemento de entrada Fondo de Naciones Unidas para Actividades en Materia de Población
9 (RLIN) 52170
910 ## - DATOS DE OPCIÓN DEL USUARIO (OCLC)
Datos de opción del usuario MFeliz
942 ## - ELEMENTOS DE PUNTO DE ACCESO ADICIONAL (KOHA)
Fuente del sistema de clasificación o colocación Dewey Decimal Classification
Tipo de ítem Koha Libro
Existencias
Estado de retiro Estado de pérdida Fuente del sistema de clasificación o colocación Restricciones de uso No para préstamo Código de colección Localización permanente Ubicación/localización actual Ubicación en estantería Fecha de adquisición Fuente de adquisición Total de préstamos Signatura topográfica completa Código de barras Fecha visto por última vez Precio válido a partir de Tipo de ítem Koha Número de copia
    Dewey Decimal Classification Excluido de préstamo   Patrimonio Dominicano Biblioteca Nacional Pedro Henríquez Ureña Biblioteca Nacional Pedro Henríquez Ureña En catalogación 20.09.2022 Depósito legal / Fondo de Población de las Naciones Unidas.   C755s 2022-5831 30.11.2022 30.11.2022 Libro  
    Dewey Decimal Classification Excluido de préstamo   Patrimonio Dominicano Biblioteca Nacional Pedro Henríquez Ureña Biblioteca Nacional Pedro Henríquez Ureña En catalogación 20.09.2022 Depósito legal / Fondo de Población de las Naciones Unidas.   C755s 2022-5832 30.11.2022 30.11.2022 Libro e.2
    Dewey Decimal Classification Préstamo en sala   Dominicana de Servicio Biblioteca Nacional Pedro Henríquez Ureña Biblioteca Nacional Pedro Henríquez Ureña En catalogación 20.09.2022 Depósito legal / Fondo de Población de las Naciones Unidas.   C755s 2022-5833 30.11.2022 30.11.2022 Libro e.3

Con tecnología Koha